| 000 | 00334nam a2200145 a 4500 | ||
|---|---|---|---|
| 001 | 3831 | ||
| 003 | CDMR | ||
| 005 | 20130219181808.0 | ||
| 008 | 130130s2000||||||||||||||||||||||||||||d | ||
| 040 |
_aCDMR _bcat _cCPC LLEIDA |
||
| 110 |
_92822 _aMuseu de Valls |
||
| 245 | 0 | _a100 gravats | |
| 260 |
_c2000 _bMuseu de Valls |
||
| 942 |
_cMON _2ddc |
||
| 999 |
_c3831 _d3831 |
||